1475 1025 1238 1949 1976 1753 1318 1471 1820 1340 1287 1503 1545 1973 1504 1383 1516 1566 1099 1506 1334 1649 1416 1261 1598 1414 1503 1504 1231 1303 1490 1715 1094 1760 1796 1268 1524 1781 1036 1176 1645 1520 1508 1196 1501 1474 1185 1997 1469 1473 1021 1395 1659 1487 1219 1330 1254 1012 1874 1502 1708 1366 1165 1173 1118 1900 1388 1687 1470 1743 1837 1553 1922 1854 1774 1170 1331 1375 1899 1131 1194 1158 1325 1630 1018 1485 1444 1947 1603 1161 1155 1859 1868 1983 1782 1785 1144 1559 1788 BCNSPRNW ULIB Ver.6.0+V

เปลี่ยนเป็นภาษาไทย

Change to English
 แสดงรายละเอียดบรรณานุกรม
  กลับหน้าหลัก

Brief Record : Get Marc (ISO 2709) : E-mail record : QR code < ปิดหน้าต่าง
LEADER : 00000nas 2200000uu 4500
001    13399127612
003     ULIB
008    210308s||||||||th 000 0 tha d
022 0  ^a24081280
245 00 ^aวารสารการปฏิบัติการพยาบาลและการผดุงครรภ์ไทย = Thai Journal of Nursing and Midwifery Practice/^cสมาคมผู้ปฏิบัติการพยาบาลขั้นสูง(ประเทศไทย)
310    ^aราย 6 เดือน
850 ^a ULIB^bปีที่ 7 ฉบับที่ 2 ฉ.1 ;ปีที่ 8 ฉบับที่ 1 ฉ.1 ;ปีที่ 8 ฉบับที่ 2 ฉ.1 ;ปีที่ 9 ฉบับที่ 1 ฉ.1 ;ปีที่ 9 ฉบับที่ 2 ฉ.1
945    ^p0^l0^i905671
945    ^p0^l0^i905785
945    ^p0^l0^i905931
945    ^p0^l0^i906301
945    ^p0^l0^i906302
999    ^aประนอม เกษจรัล
รายการนี้ยังไม่มีแท็ก
คุณยังไม่ได้ล็อกอิน คุณสามารถมีกิจกรรมร่วมกับเว็บไซต์ได้ แต่ต้องล็อกอินก่อน ::
  ล็อกอิน

รายการสื่อสารสนเทศ (วารสาร)

ดูแบบ: กล่อง รายการ
ARRIVED
ปีที่ 7 ฉบับที่ 2 ฉ.1
สถานที่: ห้องสมุดวิทยาเขตสวรรค์ประชารักษ์ >วารสาร
ARRIVED
ปีที่ 8 ฉบับที่ 1 ฉ.1
สถานที่: ห้องสมุดวิทยาเขตสวรรค์ประชารักษ์ >วารสาร
ARRIVED
ปีที่ 8 ฉบับที่ 2 ฉ.1
สถานที่: ห้องสมุดวิทยาเขตสวรรค์ประชารักษ์ >วารสาร
ARRIVED
ปีที่ 9 ฉบับที่ 1 ฉ.1
สถานที่: ห้องสมุดวิทยาเขตสวรรค์ประชารักษ์ >วารสาร
ARRIVED
ปีที่ 9 ฉบับที่ 2 ฉ.1
สถานที่: ห้องสมุดวิทยาเขตสวรรค์ประชารักษ์ >วารสาร

BibComment


ยังไม่เคยถูกคอมเมนท์

คอมเมนท์ทรัพยากรรายการนี้
  คอมเมนท์: วารสารการปฏิบัติ..


 Copyright 2026. Bcnsprnw @Library